| 000 | 00565nam a22002057a 4500 | ||
|---|---|---|---|
| 942 | _cBK | ||
| 999 |
_c565 _d565 |
||
| 005 | 20250420134816.0 | ||
| 008 | 200809b ||||| |||| 00| 0 eng d | ||
| 020 | _a9781138834736 | ||
| 040 | _cKCST | ||
| 082 |
_a170 _bWi Et |
||
| 100 |
_aWilliams, Bernard _94937 |
||
| 245 |
_aEthics and limits of philosophy / _bBernard Williams; A W Moore; Jonathan Lear |
||
| 260 |
_aLondon ; and New York : _bRoutledge _c2015. |
||
| 300 | _a276 p. | ||
| 650 |
_aMoral _94938 |
||
| 700 |
_aMoore, A W _94939 |
||
| 700 |
_aLear, Jonathan _94940 |
||
| 942 | _2ddc | ||